000 00542nam a2200229Ia 4500
003 OSt
005 20230704163303.0
008 210210b1988 xxu||||| |||| 00| 0 eng d
020 _a0 07 100542 0
040 _cAL
041 _aEnglish
082 _a658 KOOM
100 _aKOONTZ (Harold)
_9125517
245 _aManagement
250 _a9
260 _aNew York.
_bMcGraw-Hill International,
_c1988
300 _avii,685
690 _aManagement
_9125518
700 _aWEIHRICH (Heinz)
_9125519
906 _a044614
942 _2ddc
_cBK
999 _c94134
_d94134